[Event "8th SC 1400/1800"]
[Site "SchemingMind.com"]
[Date "2006.04.19"]
[Round "-"]
[White "keen"]
[Black "fitzmertz"]
[Result "0-1"]
[WhiteCountry "SCO"]
[BlackCountry "GBR"]
[WhiteElo "1688"]
[WhiteRD "60"]
[BlackElo "1443"]
[BlackRD "102"]
[GameID "47157"]

1. e4 c5 2. Nf3 d6 3. d4 cxd4 4. Nxd4 Nf6 5. Nc3 e6 6. Be2 Be7 7. Be3 O-O 8. Qd2 Nc6 9. O-O-O d5 10. exd5 Nxd5
11. Nxd5 Qxd5 12. Bd3 Qxa2 13. Qc3 Bb4
0-1

[Event "8th SC 1400/1800"]
[Site "SchemingMind.com"]
[Date "2006.04.19"]
[Round "-"]
[White "fitzmertz"]
[Black "keen"]
[Result "0-1"]
[WhiteCountry "GBR"]
[BlackCountry "SCO"]
[WhiteElo "1443"]
[WhiteRD "102"]
[BlackElo "1688"]
[BlackRD "60"]
[GameID "47158"]

1. d4 Nf6 2. Nf3 g6 3. c4 Bg7 4. Nc3 O-O 5. e4 d6 6. Be2 Na6 7. O-O c5 8. d5 Nc7 9. h3 a6 10. Be3 Bd7
11. Rc1 b5 12. a3 Qc8 13. Ng5 h6 14. Nf3 g5 15. Bd3 Kh8 16. cxb5 axb5 17. Qe2 g4 18. hxg4 c4 19. Bc2 Nxg4 20. Bf4 Rg8
21. Qd2 e5 22. dxe6 fxe6 23. Nd1 e5 24. Be3 Nxe3 25. Qxe3 Bg4 26. Nh4 Qe8 27. Nc3 Qh5 28. g3 Raf8 29. f4 Bf6 30. Ng2 exf4
31. Nxf4 Qe5 32. Ne6 Rf7 33. Nxc7 Bg5 34. Qe1 Qd4+ 35. Kg2 Rxf1 36. Qxf1 Qd2+ 37. Kh1 Qxc1 38. Qxc1 Bxc1 39. N3xb5 Bf3+ 40. Kh2 Rg5
41. Nxd6 Rh5+ 42. Kg1 Be3+ 43. Kf1 Rh1#
0-1

[Event "8th SC 1400/1800"]
[Site "SchemingMind.com"]
[Date "2006.04.19"]
[Round "-"]
[White "rodrigos"]
[Black "fitzmertz"]
[Result "1/2-1/2"]
[WhiteCountry "ENG"]
[BlackCountry "GBR"]
[WhiteElo "1705"]
[WhiteRD "81"]
[BlackElo "1461"]
[BlackRD "105"]
[GameID "47192"]

1. c4 Nf6 2. d4 e6 3. Nc3 d5 4. cxd5 exd5 5. e3 c6 6. h3 Bb4 7. Nf3 Ne4 8. Bd2 Nxd2 9. Qxd2 O-O 10. Qc2 Nd7
11. a3 Bd6 12. Bd3 h6 13. O-O Nf6 14. Rfe1 Re8 15. Re2 Re7 16. Rae1 Bd7 17. e4 dxe4 18. Nxe4 Nxe4 19. Bxe4 Kh8 20. Nd2 Qc7
21. Nc4 Bf4 22. d5 cxd5 23. Bxd5 Rxe2 24. Rxe2 Rc8 25. Ne3 Qxc2 26. Rxc2 Bxe3 27. Rxc8+ Bxc8 28. fxe3 b6 29. Bxf7 g5 30. g4 Kg7
31. Bd5 Kf6 32. Kf2 Ke5 33. Bg2 Bd7 34. Ke2 Bb5+ 35. Kd2 Kd6 36. Kc3 Kc5 37. Be4 Bf1 38. b4+ Kd6 39. Bf5 Bxh3 40. e4 Ke5
41. Kc4 Bf1+ 42. Kc3 Be2 43. Kd2 Bf3 44. Ke3 Bh1 45. Bg6=
1/2-1/2

[Event "8th SC 1400/1800"]
[Site "SchemingMind.com"]
[Date "2006.04.19"]
[Round "-"]
[White "rodrigos"]
[Black "keen"]
[Result "1-0"]
[WhiteCountry "ENG"]
[BlackCountry "SCO"]
[WhiteElo "1712"]
[WhiteRD "79"]
[BlackElo "1688"]
[BlackRD "60"]
[GameID "47193"]

1. e4 e6 2. d4 d5 3. exd5 exd5 4. Nf3 Bg4 5. Be2 Nc6 6. Nc3 Nf6 7. Bg5 Be7 8. O-O O-O 9. Re1 Re8 10. Bb5 a6
11. Bxc6 bxc6 12. Qd3 Bh5 13. Re2 Bg6 14. Qd2 Ne4 15. Nxe4 Bxe4 16. Bxe7 Rxe7 17. Ne5 Qe8 18. Rae1 Re6 19. f3 Bg6 20. Nxg6 hxg6
21. Rxe6 fxe6 22. Qe3 Rb8 23. b3 e5 24. Qxe5 Qf7 25. Qe6 Qxe6 26. Rxe6 Rb6 27. Rxg6 Kf7 28. Rg5 Rb8 29. Re5 Rd8 30. g4 Rd6
31. Kf2 Rh6 32. Kg3 Rf6 33. h4 g6 34. f4 Re6 35. Rxe6 Kxe6 36. h5 gxh5 37. gxh5 Kf6 38. Kg4 a5 39. a4 c5 40. dxc5 c6
41. h6 Kg6 42. h7 Kxh7 43. Kf5
1-0

[Event "8th SC 1400/1800"]
[Site "SchemingMind.com"]
[Date "2006.04.19"]
[Round "-"]
[White "fitzmertz"]
[Black "rodrigos"]
[Result "0-1"]
[WhiteCountry "GBR"]
[BlackCountry "ENG"]
[WhiteElo "1443"]
[WhiteRD "102"]
[BlackElo "1712"]
[BlackRD "79"]
[GameID "47194"]

1. d4 e6 2. Nf3 g6 3. c4 Bg7 4. Nc3 Nc6 5. e4 d6 6. Be2 Nge7 7. O-O e5 8. d5 Nb8 9. Bg5 f5 10. Nd2 f4
11. g3 h6 12. Bxe7 Qxe7 13. Bg4 Bd7 14. Bxd7+ Qxd7 15. Nf3 g5 16. Nd2 a6 17. Rb1 h5 18. b4 b6 19. Qf3 g4 20. Qe2 f3
21. Qe3 Qe7 22. a4 h4 23. b5 a5 24. Rfd1 hxg3 25. fxg3 Bf6 26. Qf2 Qh7 27. Nf1 Bg5 28. Ne3 Bxe3 29. Qxe3 Qxh2+ 30. Kf1 Qg2+
0-1

[Event "8th SC 1400/1800"]
[Site "SchemingMind.com"]
[Date "2006.04.19"]
[Round "-"]
[White "keen"]
[Black "rodrigos"]
[Result "1-0"]
[WhiteCountry "SCO"]
[BlackCountry "ENG"]
[WhiteElo "1704"]
[WhiteRD "69"]
[BlackElo "1711"]
[BlackRD "80"]
[GameID "47195"]

1. e4 d5 2. exd5 Qxd5 3. Nc3 Qa5 4. d4 c6 5. Bd2 Qb6 6. Nf3 Qxb2 7. Rb1 Qa3 8. Bc4 Qd6 9. O-O h6 10. Ne5 e6
11. Bf4 Qd8 12. Qf3 Qxd4 13. Rfd1 Qc5 14. Nxf7 Kxf7 15. Bd6+ Qf5 16. Qxf5+
1-0

[Event "8th SC 1400/1800"]
[Site "SchemingMind.com"]
[Date "2006.04.19"]
[Round "-"]
[White "norlavuaram"]
[Black "rodrigos"]
[Result "1/2-1/2"]
[WhiteCountry "PER"]
[BlackCountry "ENG"]
[WhiteElo "1747"]
[WhiteRD "76"]
[BlackElo "1661"]
[BlackRD "80"]
[GameID "47200"]

1. e4 e5 2. Nf3 Nc6 3. Bb5 Nf6 4. O-O d6 5. d4 Bd7 6. Nc3 exd4 7. Nxd4 Nxd4 8. Bxd7+ Qxd7 9. Re1 Nc6 10. Bg5 Be7
11. Qd2 h6 12. Be3 O-O 13. Rad1 Rad8 14. f3 Rfe8 15. f4 Ng4 16. e5 Nxe3 17. Rxe3 d5 18. Rd3 Bc5+ 19. Kh1 d4 20. Ne4 Qd5
21. Nxc5 Qxc5 22. a3 a6 23. h3 b5 24. Rg3 Qe7 25. Qd3 Na5 26. b3 c5 27. Qd2 Nc6 28. Qe2 Qb7 29. Qh5 Kf8 30. Qf5 Kg8
31. Qf6 g6 32. h4 Re6 33. Rxg6+ fxg6 34. Qxe6+ Kh7 35. f5 gxf5 36. Qxf5+ Kh8 37. Qf6+ Kh7 38. Qf5+ Kh8 39. Qf6+ Kh7 40. Qf5+=
1/2-1/2

[Event "8th SC 1400/1800"]
[Site "SchemingMind.com"]
[Date "2006.04.19"]
[Round "-"]
[White "norlavuaram"]
[Black "fitzmertz"]
[Result "1-0"]
[WhiteCountry "PER"]
[BlackCountry "GBR"]
[WhiteElo "1757"]
[WhiteRD "81"]
[BlackElo "1409"]
[BlackRD "101"]
[GameID "47201"]

1. e4 c5 2. Nf3 d6 3. Bb5+ Bd7 4. Bxd7+ Qxd7 5. c4 Nc6 6. O-O Nf6 7. Nc3 e6 8. d4 Be7 9. d5 exd5 10. exd5 Nb8
11. Re1 O-O 12. Bg5 Re8 13. Qd3 h6 14. Bh4 g5 15. Bg3 Na6 16. a3 Nc7 17. Ne4 Nxe4 18. Rxe4 Bf6 19. Rb1 Rxe4 20. Qxe4 Qe7
21. Qxe7 Bxe7 22. Re1 Kf8 23. Nd2 f5 24. f4 Re8 25. fxg5 hxg5 26. Nf3 f4 27. Bf2 Bf6 28. Rxe8+ Kxe8 29. b4 Kf7 30. bxc5 dxc5
31. Bxc5 b6 32. Bd4 Be7 33. a4 Ne8 34. Ne5+ Kf8 35. Kf2 Nd6 36. Kf3 Ke8 37. Kg4 Nf7 38. Nc6
1-0

[Event "8th SC 1400/1800"]
[Site "SchemingMind.com"]
[Date "2006.04.19"]
[Round "-"]
[White "norlavuaram"]
[Black "keen"]
[Result "0-1"]
[WhiteCountry "PER"]
[BlackCountry "SCO"]
[WhiteElo "1747"]
[WhiteRD "76"]
[BlackElo "1761"]
[BlackRD "67"]
[GameID "47202"]

1. e4 e5 2. Nf3 Nc6 3. Bb5 a6 4. Ba4 Nf6 5. O-O Be7 6. Re1 b5 7. Bb3 O-O 8. c3 d5 9. exd5 Nxd5 10. d4 Bg4
11. dxe5 Be6 12. Nbd2 Na5 13. Bc2 c5 14. h3 Qd7 15. Ne4 Nc6 16. Neg5 Rad8 17. Bxh7+ Kh8 18. Nxe6 Qxe6 19. Qc2 f5 20. Ng5 Bxg5
21. Bxg5 Kxh7 22. Bxd8 Nxd8 23. Rad1 Kg8 24. Rd2 Nc6 25. c4 Ndb4 26. Qb3 bxc4 27. Qe3 Nd3 28. Rb1 f4 29. Qe4 Nd4 30. b4 Qxe5
31. Qxe5 Nxe5 32. Kf1 Rb8 33. Re1 Nd3 34. Re7 Nxb4 35. Rc7 Nbc6 36. Rd1 c3 37. Ke1 c2 38. Rc1 Rb1
0-1

[Event "8th SC 1400/1800"]
[Site "SchemingMind.com"]
[Date "2006.04.19"]
[Round "-"]
[White "rodrigos"]
[Black "norlavuaram"]
[Result "0-1"]
[WhiteCountry "ENG"]
[BlackCountry "PER"]
[WhiteElo "1661"]
[WhiteRD "80"]
[BlackElo "1747"]
[BlackRD "76"]
[GameID "47203"]

1. h3 c5 2. e4 Nc6 3. Nf3 g6 4. d3 Bg7 5. Be3 Bxb2 6. Nbd2 Bd4 7. Bxd4 cxd4 8. Be2 d5 9. Rb1 dxe4 10. Nxe4 Nf6
11. Ned2 O-O 12. O-O e5 13. Nb3 Nd5 14. Qd2 Qf6 15. Rfe1 Nc3 16. Ra1 Nb4 17. a3 Nbd5 18. Bd1 Nxd1 19. Qxd1 Nc3 20. Qd2 Bxh3
21. Nxe5 Be6 22. Nxd4 Nd5 23. Nxe6 Qxe6 24. Nf3 Qf6 25. Rab1 b6 26. c4 Nf4 27. Re4 Ne6 28. d4 Qf5 29. Ree1 Qg4 30. Ne5 Qxd4
31. Qxd4 Nxd4 32. Ng4 Kg7 33. Rbc1 Rfe8 34. Ne3 Rac8 35. Kf1 Nb3 36. Rc2 Nc5 37. Nd5 Rxe1+ 38. Kxe1 Re8+ 39. Kf1 Re4 40. f3 Rd4
41. Ke2 Rd3 42. a4 Ra3 43. Nc3 Nxa4 44. Nxa4 Rxa4 45. Kd3 Kf6 46. Kd4 b5 47. Kd3 Rxc4 48. Rxc4 bxc4+ 49. Kxc4 Kf5 50. g3 h5
0-1

[Event "8th SC 1400/1800"]
[Site "SchemingMind.com"]
[Date "2006.04.19"]
[Round "-"]
[White "fitzmertz"]
[Black "norlavuaram"]
[Result "0-1"]
[WhiteCountry "GBR"]
[BlackCountry "PER"]
[WhiteElo "1409"]
[WhiteRD "101"]
[BlackElo "1757"]
[BlackRD "81"]
[GameID "47204"]

1. d4 d5 2. Nf3 Nf6 3. e3 e6 4. Bd3 c5 5. c3 Nc6 6. Nbd2 Be7 7. O-O O-O 8. dxc5 Bxc5 9. e4 dxe4 10. Nxe4 Nxe4
11. Bxe4 Qc7 12. Ng5 h6 13. Nf3 Rd8 14. Qe2 e5 15. Be3 Bxe3 16. Qxe3 Be6 17. Rad1 Bxa2 18. Bxc6 bxc6 19. Rxd8+ Rxd8 20. Re1 f6
21. Ra1 Bd5 22. Rxa7 Qd6 23. h3 Bxf3 24. Qxf3 Qd1+ 25. Qxd1 Rxd1+ 26. Kh2 Rd2 27. Rc7 Rxb2 28. Kg3 Rb6 29. c4 Kh7 30. c5 Ra6
31. f3 Kg6 32. Kg4 f5+ 33. Kg3 Kf6 34. Kf2 g5 35. Kg3 h5 36. h4 f4+ 37. Kf2 gxh4 38. Rh7 Kg6 39. Re7 Kf6 40. Rh7 Ke6
41. Rxh5 Kd5 42. Rxh4 Kxc5 43. Rh5 Kd4 44. Rh6 Ra2+ 45. Kg1 c5
0-1

[Event "8th SC 1400/1800"]
[Site "SchemingMind.com"]
[Date "2006.04.19"]
[Round "-"]
[White "keen"]
[Black "norlavuaram"]
[Result "1-0"]
[WhiteCountry "SCO"]
[BlackCountry "PER"]
[WhiteElo "1736"]
[WhiteRD "61"]
[BlackElo "1711"]
[BlackRD "82"]
[GameID "47205"]

1. e4 e5 2. Nf3 Qe7 3. Bc4 h6 4. O-O d6 5. d4 Bg4 6. Nc3 c6 7. Be3 Nd7 8. d5 c5 9. h3 Bxf3 10. Qxf3 a6
11. a4 Ngf6 12. a5 g6 13. Rfe1 Bg7 14. Ra3 O-O 15. Qe2 Nh7 16. Rb1 Kh8 17. b4 Rfc8 18. b5 axb5 19. Rxb5 b6 20. a6 Ra7
21. Rb1 Rca8 22. Nb5 Rxa6 23. Rxa6 Rxa6 24. Nxd6 Ra8 25. Nb5 Qf8 26. d6 Nhf6 27. Rd1 Nxe4 28. Bxh6 Bxh6 29. Qxe4 Rb8 30. Qd5 Kg7
31. Ra1 Bg5 32. Ra7 Qe8 33. Nc3 Rd8 34. Ne4 Bh6 35. Bb5
1-0

[Event "8th SC 1400/1800"]
[Site "SchemingMind.com"]
[Date "2006.04.19"]
[Round "-"]
[White "cleverman"]
[Black "rodrigos"]
[Result "0-1"]
[WhiteCountry "USA"]
[BlackCountry "ENG"]
[WhiteElo "1643"]
[WhiteRD "71"]
[BlackElo "1705"]
[BlackRD "81"]
[GameID "47222"]

1. e4 e5 2. Nf3 Nc6 3. Bc4 d6 4. d4 h6 5. O-O Nf6 6. Re1 a6 7. c3 Rb8 8. a4 Be7 9. Qd3 exd4 10. cxd4 Na5
11. Ba2 Bd7 12. Nc3 c5 13. d5 O-O 14. Bb1 Re8 15. e5 dxe5 16. Nxe5 Bd6 17. Bf4 c4 18. Qf3 Ng4 19. Qe4 f5 20. Qe2 Bxe5
21. Bxe5 Nxe5 22. Bc2 Qc7 23. Qh5 Qc8 24. Ne2 Nb3 25. Ra3 Kh8 26. Nf4 Nd4 27. Bd1 Nef3+ 28. gxf3 Rxe1+ 29. Kg2 Be8 30. Qh4 Qc7
31. Re3 Rxd1 32. Re7 Qd6 33. Ne6 Nxe6 34. Rxe6 Qxd5 35. Qe7 Rd8 36. Qf8+ Kh7 37. Re7 Qg8 38. Qxf5+ Kh8 39. Qe4 Bc6 40. Qe5 R1d5
41. Qe3 Re8 42. Rxe8 Qxe8
0-1

[Event "8th SC 1400/1800"]
[Site "SchemingMind.com"]
[Date "2006.04.19"]
[Round "-"]
[White "cleverman"]
[Black "norlavuaram"]
[Result "1-0"]
[WhiteCountry "USA"]
[BlackCountry "PER"]
[WhiteElo "1643"]
[WhiteRD "71"]
[BlackElo "1711"]
[BlackRD "82"]
[GameID "47223"]

1. e4 e5 2. Nf3 Qe7 3. Bc4 h6 4. O-O d6 5. c3 Bg4 6. d4 Nd7 7. h3 Bxf3 8. Qxf3 Ngf6 9. Be3 g6 10. Nd2 Bg7
11. Rfe1 O-O 12. Nf1 c6 13. Rad1 Kh7 14. Ng3 Rfe8 15. Qe2 Nb6 16. Bb3 Qc7 17. Bc2 Rad8 18. f4 exf4 19. Bxf4 Qc8 20. Qf3 Nc4
21. b3 Nb6 22. a4 a5 23. Rd2 g5 24. Be3 Kg8 25. Rf1 Rf8 26. Nf5 Nbd7 27. Ne7+
1-0

[Event "8th SC 1400/1800"]
[Site "SchemingMind.com"]
[Date "2006.04.19"]
[Round "-"]
[White "cleverman"]
[Black "fitzmertz"]
[Result "1-0"]
[WhiteCountry "USA"]
[BlackCountry "GBR"]
[WhiteElo "1689"]
[WhiteRD "71"]
[BlackElo "1461"]
[BlackRD "104"]
[GameID "47224"]

1. e4 c5 2. Nf3 d6 3. d4 cxd4 4. Nxd4 Nf6 5. Nc3 e6 6. Bg5 Be7 7. Qd3 O-O 8. f4 h6 9. Bxf6 Bxf6 10. O-O-O Nc6
11. Nf3 Be7 12. Qe3 a6 13. g4 b5 14. h4 b4 15. Na4 a5 16. Bd3 Bd7 17. g5 h5 18. f5 exf5 19. exf5 Re8 20. g6 Bf6
21. Qg1 Ne5 22. Nxe5 Bxe5 23. gxf7+ Kxf7 24. Qg6+ Kf8 25. Bc4 Qf6 26. Qxh5 Ke7 27. Nb6 Bxb2+ 28. Kb1 Ba3 29. Nd5+
1-0

[Event "8th SC 1400/1800"]
[Site "SchemingMind.com"]
[Date "2006.04.19"]
[Round "-"]
[White "cleverman"]
[Black "keen"]
[Result "0-1"]
[WhiteCountry "USA"]
[BlackCountry "SCO"]
[WhiteElo "1586"]
[WhiteRD "77"]
[BlackElo "1688"]
[BlackRD "60"]
[GameID "47225"]

1. e4 d5 2. exd5 Qxd5 3. Nc3 Qd6 4. d4 Nf6 5. Nf3 a6 6. Be2 g6 7. Be3 Bg7 8. Qd2 O-O 9. O-O-O Nc6 10. Bh6 b6
11. Bxg7 Kxg7 12. Ng5 h6 13. Nge4 Nxe4 14. Nxe4 Qe6 15. Nc3 Qf6 16. Bf3 Bb7 17. Rhe1 Rad8 18. Ne2 Ba8 19. Kb1 Rd6 20. Ka1 Nxd4
21. Bxa8 Nb3+ 22. cxb3 Rxd2 23. Rxd2 Rxa8 24. Nc3 Qc6 25. f3 e6 26. Red1 Re8 27. Ne4 a5 28. Nc3 e5 29. Ne4 a4 30. Rd3 axb3
31. Rxb3 Qc2 32. Rbd3 Qxg2 33. R1d2 Qg1+ 34. Rd1 Qxh2 35. Rd7 Qe2 36. Nc3 Qxf3 37. Rxc7 h5 38. Rdd7 Rf8 39. a3 h4 40. Rd1 h3
41. Rcd7 h2 42. R7d3 Qxd3 43. Rxd3 h1=Q+ 44. Ka2 Rc8 45. Re3 Rc5 46. Re2 Rxc3 47. bxc3 Qd5+ 48. Kb2 Qb5+
0-1

[Event "8th SC 1400/1800"]
[Site "SchemingMind.com"]
[Date "2006.04.20"]
[Round "-"]
[White "rodrigos"]
[Black "cleverman"]
[Result "1-0"]
[WhiteCountry "ENG"]
[BlackCountry "USA"]
[WhiteElo "1712"]
[WhiteRD "79"]
[BlackElo "1586"]
[BlackRD "77"]
[GameID "47226"]

1. e4 c5 2. Nf3 e6 3. Nc3 Nc6 4. Be2 d5 5. exd5 exd5 6. d4 Nf6 7. Bg5 Be7 8. O-O Be6 9. dxc5 O-O 10. Re1 Ne4
11. Nxe4 dxe4 12. Qxd8 Raxd8 13. Bxe7 Nxe7 14. Ng5 Bd5 15. a3 h6 16. Nh3 Ng6 17. Rad1 Bc6 18. Kf1 Rd5 19. b4 Rfd8 20. c3 Kf8
21. Ng1 Nf4 22. Rxd5 Nxd5 23. Rd1 Ke7 24. c4 Nc3 25. Rxd8 Kxd8 26. Bh5 f6 27. Ne2 Nxe2 28. Kxe2 Ke7 29. Ke3 Ke6 30. b5 Bd7
31. Kxe4 f5+ 32. Kd4 g5 33. Bf3 Bc8 34. h3 f4 35. Bg4+
1-0

[Event "8th SC 1400/1800"]
[Site "SchemingMind.com"]
[Date "2006.04.20"]
[Round "-"]
[White "norlavuaram"]
[Black "cleverman"]
[Result "1-0"]
[WhiteCountry "PER"]
[BlackCountry "USA"]
[WhiteElo "1747"]
[WhiteRD "76"]
[BlackElo "1689"]
[BlackRD "71"]
[GameID "47227"]

1. e4 c5 2. Nf3 Nc6 3. Bb5 g6 4. O-O Bg7 5. c3 Nf6 6. Re1 O-O 7. d4 cxd4 8. cxd4 d5 9. e5 Ne4 10. Nc3 Bf5
11. Nh4 e6 12. Nxf5 exf5 13. f4 a6 14. Ba4 Rc8 15. Be3 Re8 16. Rc1 Kh8 17. Bb3 Ne7 18. Nxe4 fxe4 19. g4 f5 20. g5 Nc6
21. Rc5 Ne7 22. Qc2 Qd6 23. exd6 Nc6 24. Ba4 h6 25. Bxc6 bxc6 26. Rxc6 hxg5 27. Rxc8 Rxc8 28. Qxc8+ Kh7 29. Rc1 gxf4 30. Bxf4 Bxd4+
31. Kg2
1-0

[Event "8th SC 1400/1800"]
[Site "SchemingMind.com"]
[Date "2006.04.20"]
[Round "-"]
[White "fitzmertz"]
[Black "cleverman"]
[Result "1-0"]
[WhiteCountry "GBR"]
[BlackCountry "USA"]
[WhiteElo "1427"]
[WhiteRD "96"]
[BlackElo "1674"]
[BlackRD "73"]
[GameID "47228"]

1. d4 d5 2. Nf3 Nf6 3. e3 Bf5 4. c4 c6 5. Nc3 e6 6. Be2 Bd6 7. O-O Nbd7 8. c5 Bb8 9. Nh4 Qc7 10. g3 O-O
11. Nxf5 exf5 12. Bf3 Ne4 13. Bg2 Re8 14. Nxe4 fxe4 15. f4 f5 16. Bd2 Nf6 17. Qc2 Qf7 18. b4 Bc7 19. Bc3 h6 20. a4 a5
21. Rfb1 g5 22. b5 Ng4 23. b6 Bd8 24. Qe2 h5 25. Qd2 h4 26. Bh3 Qh5 27. Qe2 hxg3 28. Bxg4 Qxg4 29. Qxg4 gxh2+ 30. Kxh2 fxg4
31. Kg3 Rf8 32. Rf1 gxf4+ 33. Rxf4 Rxf4 34. Kxf4 Bf6 35. Kxg4 Kf7 36. Rf1 Ke6 37. Kg3 Rg8+ 38. Kf2 Bh4+ 39. Ke2 Rg2+ 40. Kd1 Bf2
41. Bd2 Kf5 42. Be1 Kg4 43. Rxf2 Rxf2 44. Bxf2 Kf3 45. Ke1 Kg4 46. Ke2 Kf5 47. Be1 Ke6 48. Bxa5 Kd7 49. Kf2 Kc8 50. Kg3 Kd7
51. Kg4 Ke6 52. Kg5 Kf7 53. Be1 Ke7 54. Kf5 Kd7 55. Bg3 Kc8 56. Ke6 Kd8 57. Bc7+ Kc8 58. Bg3 Kd8 59. a5 Kc8 60. Be1 Kd8
61. a6 bxa6 62. Kd6 Kc8 63. Kxc6 Kb8 64. Kxd5 Kb7 65. Kxe4 Kc6 66. Ke5 Kb7 67. Kd6 Kb8 68. Kd7 Ka8 69. e4 Kb7 70. e5
1-0

[Event "8th SC 1400/1800"]
[Site "SchemingMind.com"]
[Date "2006.04.19"]
[Round "-"]
[White "keen"]
[Black "cleverman"]
[Result "1-0"]
[WhiteCountry "SCO"]
[BlackCountry "USA"]
[WhiteElo "1688"]
[WhiteRD "60"]
[BlackElo "1586"]
[BlackRD "77"]
[GameID "47229"]

1. e4 e6 2. d4 d5 3. Nc3 c6 4. Bd3 Bb4 5. Nf3 Ne7 6. Bd2 O-O 7. O-O Nd7 8. a3 Ba5 9. Re1 c5 10. exd5 exd5
11. Bxh7+ Kxh7 12. Ng5+ Kg8 13. Rxe7 Qxe7 14. Nxd5 Qd6 15. Qh5 Qh6 16. Ne7+ Kh8 17. Nxf7+ Rxf7 18. Bxh6 Rxe7 19. Bg5+ Kg8 20. Bxe7 Nf6
21. Bxf6 gxf6 22. Qg6+ Kf8 23. Qxf6+ Ke8 24. dxc5 Bd7 25. Qh8+ Ke7 26. Qxa8 Bc6 27. c3 Bc7 28. Re1+ Kf6 29. Qf8+ Kg5 30. Qg7+ Kf5=
31. Qxc7 Kg6 32. Qf4 Kg7 33. Re3
1-0

[Event "8th SC 1400/1800"]
[Site "SchemingMind.com"]
[Date "2006.04.20"]
[Round "-"]
[White "GeorgeC5"]
[Black "cleverman"]
[Result "1-0"]
[WhiteCountry "USA"]
[BlackCountry "USA"]
[WhiteElo "1943"]
[WhiteRD "102"]
[BlackElo "1643"]
[BlackRD "71"]
[GameID "47329"]

1. e4 e6 2. d3 c5 3. Nf3 Nc6 4. c3 d5 5. Qe2 Nf6 6. g3 Bd6 7. e5 Nxe5 8. Nxe5 Qc7 9. f4 O-O 10. Bg2 Nd7
11. Nxd7 Bxd7 12. O-O Rfe8 13. Be3 Bc6 14. Nd2 e5 15. fxe5 Bxe5 16. Qf2 b6 17. Rac1 Rad8 18. Rfe1 Re7 19. d4 Bd6 20. Bg5 f6
21. Rxe7 Bxe7 22. Be3 Bd6 23. dxc5 bxc5 24. Bxc5 Bxc5 25. Qxc5 Qd7 26. Re1 Ba8 27. Re7 Qf5 28. Qc7 Qg6 29. Qxd8+
1-0

[Event "8th SC 1400/1800"]
[Site "SchemingMind.com"]
[Date "2006.04.20"]
[Round "-"]
[White "GeorgeC5"]
[Black "rodrigos"]
[Result "1-0"]
[WhiteCountry "USA"]
[BlackCountry "ENG"]
[WhiteElo "1943"]
[WhiteRD "102"]
[BlackElo "1705"]
[BlackRD "81"]
[GameID "47330"]

1. Nf3 d5 2. g3 Nc6 3. d4 g6 4. Bg2 Bg7 5. O-O e6 6. c3 Nge7 7. Nbd2 f5 8. b4 h6 9. b5 Nb8 10. c4 g5
11. cxd5 Nxd5 12. e3 Qd7 13. a4 a6 14. Nc4 axb5 15. Nfe5 Bxe5 16. Nxe5 Qg7 17. Qh5+ Kf8 18. Ng6+ Kg8 19. Nxh8 Kxh8 20. Qe8+ Qg8
21. Qxb5 Qd8 22. h3 Kg7 23. a5 c6 24. Qc5 Nd7 25. Qd6 Rxa5 26. Rxa5 Qxa5 27. Qe7+ Kg8 28. Qe8+ Nf8 29. Qxc8 b5 30. Qxc6 b4
31. Qc4 Nd7 32. Qc8+ Nf8 33. Bd2 Qb5 34. Bxd5 exd5 35. Ra1 b3 36. Ra8
1-0

[Event "8th SC 1400/1800"]
[Site "SchemingMind.com"]
[Date "2006.04.20"]
[Round "-"]
[White "GeorgeC5"]
[Black "norlavuaram"]
[Result "1-0"]
[WhiteCountry "USA"]
[BlackCountry "PER"]
[WhiteElo "1943"]
[WhiteRD "102"]
[BlackElo "1711"]
[BlackRD "82"]
[GameID "47331"]

1. d4 d5 2. c4 e6 3. Nc3 Nf6 4. Bg5 Be7 5. e3 O-O 6. Nf3 h6 7. Bh4 Nbd7 8. Rc1 b6 9. cxd5 exd5 10. Bd3 Bb7
11. O-O c5 12. Bb1 Rc8 13. Ne5 Qc7 14. Nb5 Qd8 15. Nxa7 Ra8 16. Nac6 Qe8 17. Nxe7+ Qxe7 18. Nxd7 Qxd7 19. Bxf6 gxf6 20. dxc5 bxc5
21. Rxc5 Ra4 22. Qc2 f5 23. Rc7 Qb5 24. Qxf5 Kg7 25. Qg6+
1-0

[Event "8th SC 1400/1800"]
[Site "SchemingMind.com"]
[Date "2006.04.20"]
[Round "-"]
[White "GeorgeC5"]
[Black "fitzmertz"]
[Result "1-0"]
[WhiteCountry "USA"]
[BlackCountry "GBR"]
[WhiteElo "1899"]
[WhiteRD "108"]
[BlackElo "1443"]
[BlackRD "102"]
[GameID "47332"]

1. e4 c5 2. Nf3 d6 3. d4 cxd4 4. Nxd4 Nf6 5. Nc3 Nc6 6. Bb5 Bd7 7. Bg5 Nxd4 8. Bxd7+ Nxd7 9. Qxd4 h6 10. Bh4 Qb6
11. Qxb6 Nxb6 12. O-O-O g5 13. Bg3 Bg7 14. Nd5 Nxd5 15. Rxd5 O-O 16. f3 Rac8 17. c3 Rc5 18. Rxc5 dxc5 19. Rd1 b6 20. Rd7 a5
21. Rxe7 Rc8 22. Rb7 Rc6 23. Bc7
1-0

[Event "8th SC 1400/1800"]
[Site "SchemingMind.com"]
[Date "2006.04.20"]
[Round "-"]
[White "GeorgeC5"]
[Black "keen"]
[Result "1-0"]
[WhiteCountry "USA"]
[BlackCountry "SCO"]
[WhiteElo "1899"]
[WhiteRD "108"]
[BlackElo "1688"]
[BlackRD "60"]
[GameID "47333"]

1. d4 d5 2. c4 Nc6 3. Nc3 dxc4 4. Nf3 Nf6 5. e4 Bg4 6. Be3 e6 7. Bxc4 Be7 8. Be2 O-O 9. O-O a6 10. h3 Bh5
11. g4 Bg6 12. Nh4 Nxg4 13. Nxg6 Nxe3 14. Nxe7+ Qxe7 15. fxe3 Qg5+ 16. Kh2 Qxe3 17. d5 Nd4 18. Qd3
1-0

[Event "8th SC 1400/1800"]
[Site "SchemingMind.com"]
[Date "2006.04.20"]
[Round "-"]
[White "cleverman"]
[Black "GeorgeC5"]
[Result "0-1"]
[WhiteCountry "USA"]
[BlackCountry "USA"]
[WhiteElo "1643"]
[WhiteRD "71"]
[BlackElo "1943"]
[BlackRD "102"]
[GameID "47334"]

1. e4 e5 2. Nf3 Nc6 3. Bb5 a6 4. Ba4 Nf6 5. O-O Be7 6. Re1 b5 7. Bb3 O-O 8. c3 d6 9. d4 Bg4 10. d5 Na5
11. Bc2 Qc8 12. Nbd2 c6 13. Nf1 Nc4 14. b3 Nb6 15. Ne3 cxd5 16. Nxd5 Nbxd5 17. exd5 Qxc3 18. Bd2 Qc5 19. Rc1 Qxd5 20. Re3 e4
21. Qe1 exf3 22. Rxe7 Rfe8 23. Bc3 Rxe7 24. Qxe7 Re8 25. Qa7 Qg5 26. Rf1 Bh3 27. g3 Bxf1
0-1

[Event "8th SC 1400/1800"]
[Site "SchemingMind.com"]
[Date "2006.04.20"]
[Round "-"]
[White "rodrigos"]
[Black "GeorgeC5"]
[Result "0-1"]
[WhiteCountry "ENG"]
[BlackCountry "USA"]
[WhiteElo "1712"]
[WhiteRD "79"]
[BlackElo "1899"]
[BlackRD "108"]
[GameID "47335"]

1. e4 e5 2. Nf3 Nc6 3. Bc4 Bc5 4. c3 Nf6 5. Qc2 O-O 6. O-O d6 7. h3 Be6 8. Bxe6 fxe6 9. Rd1 Bb6 10. d4 exd4
11. cxd4 Qe8 12. Nc3 Qg6 13. Qe2 Rae8 14. e5 Nd5 15. Be3 dxe5 16. dxe5 Nxe3 17. fxe3 Qh5 18. Kh1 Nxe5 19. Nxe5 Qxe5 20. Re1 c6
21. Rad1 Bc7 22. g4 Rf3 23. Rd2 Rxh3+ 24. Kg1 Qg3+ 25. Qg2 Qxe1+
0-1

[Event "8th SC 1400/1800"]
[Site "SchemingMind.com"]
[Date "2006.04.20"]
[Round "-"]
[White "norlavuaram"]
[Black "GeorgeC5"]
[Result "0-1"]
[WhiteCountry "PER"]
[BlackCountry "USA"]
[WhiteElo "1747"]
[WhiteRD "76"]
[BlackElo "1955"]
[BlackRD "104"]
[GameID "47336"]

1. e4 e6 2. d3 d5 3. Nd2 c5 4. g3 Nc6 5. Bg2 g6 6. Ngf3 Nge7 7. O-O Bg7 8. c3 b6 9. Re1 O-O 10. e5 Qc7
11. Qe2 Ba6 12. Nf1 b5 13. Bd2 Rad8 14. g4 d4 15. cxd4 Nxd4 16. Nxd4 Rxd4 17. Bc3 Rd7 18. Qc2 b4 19. Bd2 Bxd3 20. Qa4 Bxf1
21. Kxf1 Rxd2 22. a3 Bxe5 23. axb4 Bd4 24. Re2 Rxe2 25. Kxe2 Qf4 26. Bf3 Qxh2 27. Rf1 Qe5+ 28. Kd2 Bxb2 29. Qb3 Nc6 30. Bxc6 Rd8+
0-1

[Event "8th SC 1400/1800"]
[Site "SchemingMind.com"]
[Date "2006.04.20"]
[Round "-"]
[White "fitzmertz"]
[Black "GeorgeC5"]
[Result "0-1"]
[WhiteCountry "GBR"]
[BlackCountry "USA"]
[WhiteElo "1443"]
[WhiteRD "102"]
[BlackElo "1899"]
[BlackRD "108"]
[GameID "47337"]

1. d4 Nf6 2. Nf3 g6 3. c4 Bg7 4. Nc3 O-O 5. e4 d6 6. Be2 e5 7. d5 a5 8. O-O Na6 9. a3 Nc5 10. a4 Ncxe4
11. Nxe4 Nxe4 12. Bd3 Nc5 13. Be2 e4 14. Nd4 f5 15. Nb3 Nxb3 16. Qxb3 f4 17. Bd2 Qh4 18. g3 Qh3 19. Rfd1 Bd4 20. Bxf4 Bxf2+
21. Kxf2 Rxf4+ 22. Ke1 Rf8 23. Qe3 Qxh2 24. Kd2 Rf3 25. Qd4 Rd3+
0-1